000 01928nam a2200277 a 4500
008 061215s2006 ||||||||||||||||| || u
050 _aZAM.PER CEP(05)
110 _aCopperbelt Environment Project(CEP)
245 1 0 _aHealing our earth
246 _aCEP News
260 _aKitwe
_bCEP
_c2006
300 _a11 pages : illustrations
350 _a0.00
500 _aa publication of the Copperbelt Environment Project
650 _aENVIRONMENTAL PROTECTION--PERIODICALS--COPPERBELT
650 _aENVIRONMENTAL MONITORING--COPPERBELT
650 _aENVIRONMENTAL RESPONSIBILITY--ZAMBIA, COPPERBELT PROVINCE
650 _aENVIRONMENT
995 _aSPECIAL COLLECTIONS
_D0.00
_eZAM.PER CEP(05)HOEN/
_FCBU-MAIN LIBRARY (Kitwe)
_H1
_I0.00
_jZAM.PER CEP(05)HOEN/06/1
_M2
_UAVAILABLE
_WDec 15, 2006
_yZ03001589
_ZZambiana Collection
995 _aSPECIAL COLLECTIONS
_D0.00
_eZAM.PER CEP(05)HOEN/
_FCBU-MAIN LIBRARY (Kitwe)
_H1
_I0.00
_jZAM.PER CEP(05)HOEN/06/2
_M4
_UAVAILABLE
_WDec 15, 2006
_yZ03001591
_ZZambiana Collection
995 _aSPECIAL COLLECTIONS
_D0.00
_eZAM.PER CEP(05)HOEN/
_FCBU-MAIN LIBRARY (Kitwe)
_H1
_I0.00
_jZAM.PER CEP(05)HOEN/06/1
_M1
_UAVAILABLE
_WDec 15, 2006
_yZ03001588
_ZZambiana Collection
995 _aSPECIAL COLLECTIONS
_D0.00
_eZAM.PER CEP(05)HOEN/
_FCBU-MAIN LIBRARY (Kitwe)
_H1
_I0.00
_jZAM.PER CEP(05)HOEN/06/2
_M2
_UAVAILABLE
_WDec 15, 2006
_yZ03001592
_ZZambiana Collection
995 _aSPECIAL COLLECTIONS
_D0.00
_eZAM.PER CEP(05)HOEN/
_FCBU-MAIN LIBRARY (Kitwe)
_H1
_I0.00
_jZAM.PER CEP(05)HOEN/06/2
_M2
_UAVAILABLE
_WDec 15, 2006
_yZ03001593
_ZZambiana Collection
995 _aSPECIAL COLLECTIONS
_D0.00
_eZAM.PER CEP(05)HOEN/
_FCBU-MAIN LIBRARY (Kitwe)
_H1
_I0.00
_jZAM.PER CEP(05)HOEN/07
_M1
_UAVAILABLE
_WOct 16, 2008
_yZ03003049
_ZZambiana Collection
995 _aSPECIAL COLLECTIONS
_D0.00
_eZAM.PER CEP(05)HOEN/
_FCBU-MAIN LIBRARY (Kitwe)
_H1
_I0.00
_jZAM.PER CEP(05)HOEN/06/1
_M3
_UAVAILABLE
_WDec 15, 2006
_yZ03001590
_ZZambiana Collection
999 _c76140
_d76140